00423nam a2200181Ia 4500008004100000020001800041050001400059100001600073245003800089245001900127260001500146260001600161260000900177300001600186300002000202300001000222500000900232170918s9999 xx 000 0 und d a9780385751537 bB792 2006 aBoyne, John 4aThe boy in the stripped pajamas / cby John Boyne. aNew York : bScholastic, c2006 a215 pages : billustrations ; c19cm. a1080